Word Ladder: Henry VIII Quiz Stats

 Plays Quiz Updated Nov 2, 2013

Support Sporcle.
Go Orange.
Score 0/17 Timer 02:00
0 Plays Today
Clue 4-Letter Word % Correct
Oldest Simpson childBART
95.8%
Month with a solsticeJUNE
93.7%
A built-in or two-tiered bedBUNK
92.9%
Place to keep your moneyBANK
92.7%
Henry VIII's 3rd wife Seymour♕ JANE ♕
92.3%
UnclothedBARE
92.1%
Someone from part of the UK, for shortBRIT
91.9%
Tree trunk coveringBARK
91.5%
Soft French cheeseBRIE
91.2%
Clue 4-Letter Word % Correct
Lure for fishingBAIT
91.1%
Chinese sailing shipJUNK
90.3%
Batman's back breakerBANE
84%
Henry VIII's 2nd or 4th wife♕ ANNE ♕
82.1%
Central or MacArthur, e.g.PARK
72.2%
Soul singer India.___ARIE
62.5%
US Secretary of Education DuncanARNE
58.1%
Henry VIII's 6th wife Catherine♕ PARR ♕
53.7%

Today's Daily Dose

Word Ladder
ING Words

Get the Picture
Nearest Volcano

From the Vault

Periodic Table by Section Blitz

by bhenderson79

Science 90s
If you go section by section you'll have the whole table memorized in no time.
Remove Ads.
Support Sporcle.
Get the best of Sporcle when you Go Orange. This ad-free experience offers more features, more stats, and more fun while also helping to support Sporcle. Thank you for becoming a member.

Show Comments

Extras

Top Quizzes Today


Score Distribution

Your Account Isn't Verified!

In order to create a playlist on Sporcle, you need to verify the email address you used during registration. Go to your Sporcle Settings to finish the process.

Report this User

Report this user for behavior that violates our Community Guidelines.

Details: